Буровое долото с расположением вооружения нашарошке по винтовой линии; Прогрессивные технологии и экономика в машиностроении

Bibliografski detalji
Parent link:Прогрессивные технологии и экономика в машиностроении.— 2018.— [С. 22-24]
Glavni autor: Губенко А. С.
Autor kompanije: Тюменский индустриальный университет (ТюмИУ)
Daljnji autori: Некрасов Р. Ю. (научный руководитель)
Sažetak:Заглавие с экрана
Jezik:ruski
Izdano: 2018
Serija:Современные промышленные технологии
Teme:
Online pristup:http://earchive.tpu.ru/handle/11683/47147
Format: MixedMaterials Elektronički Poglavlje knjige
KOHA link:https://koha.lib.tpu.ru/cgi-bin/koha/opac-detail.pl?biblionumber=626614

MARC

LEADER 00000naa2a2200000 4500
001 626614
005 20231101133424.0
035 |a (RuTPU)RU\TPU\conf\26074 
035 |a RU\TPU\conf\26069 
090 |a 626614 
100 |a 20180417d2018 k y0rusy50 ca 
101 0 |a rus 
102 |a RU 
105 |a y z 101zy 
135 |a drcn ---uucaa 
181 0 |a i  
182 0 |a b 
200 1 |a Буровое долото с расположением вооружения нашарошке по винтовой линии  |f А. С. Губенко  |g науч. рук. Р. Ю. Некрасов 
203 |a Текст  |c электронный 
225 1 |a Современные промышленные технологии 
230 |a 1 компьютерный файл (pdf; 145 Kb) 
300 |a Заглавие с экрана 
320 |a [Библиогр.: с. 24 (2 назв.)] 
463 0 |0 (RuTPU)RU\TPU\conf\26047  |t Прогрессивные технологии и экономика в машиностроении  |o сборник трудов IX Всероссийской научно-практической конференции для студентов и учащейся молодежи, 5-7 апреля 2018 г., Юрга  |f Национальный исследовательский Томский политехнический университет (ТПУ), Юргинский технологический институт (ЮТИ) ; под ред. Д. А. Чинахова  |v [С. 22-24]  |d 2018 
610 1 |a электронный ресурс 
610 1 |a буровые долота 
610 1 |a винтовые линии 
610 1 |a бурение 
610 1 |a разрушение пород 
610 1 |a горные породы 
610 1 |a шарошечные долота 
610 1 |a шарошки 
700 1 |a Губенко  |b А. С. 
702 1 |a Некрасов  |b Р. Ю.  |4 727 
712 0 2 |a Тюменский индустриальный университет (ТюмИУ)  |c (2016- )  |2 stltpush  |3 (RuTPU)RU\TPU\col\21621 
801 2 |a RU  |b 63413507  |c 20180426  |g RCR 
856 4 |u http://earchive.tpu.ru/handle/11683/47147 
942 |c BK